MAASAI MARA UNIVERSITY

LIBRARY CATALOGUE

Contact Us: +254 020 2685356/7 or 0774 057787

Box: 861-20500, NAROK, KENYA

Email: info@mmarau.ac.ke

_Competitive Fire Insights to Developing the warrior Mentality of Sports Champions / Michael Clarkson (Record no. 13581)

MARC details
000 -LEADER
fixed length control field 00515nam a2200157Ia 4500
008 - FIXED-LENGTH DATA ELEMENTS--GENERAL INFORMATION
fixed length control field 151021s9999 xx 000 0 und d
020 ## - INTERNATIONAL STANDARD BOOK NUMBER
International Standard Book Number 880118652
050 ## - LIBRARY OF CONGRESS CALL NUMBER
Classification number GV 706.4.C53 1999
245 ## - TITLE STATEMENT
Title _Competitive Fire Insights to Developing the warrior Mentality of Sports Champions / Michael Clarkson
260 ## - PUBLICATION, DISTRIBUTION, ETC. (IMPRINT)
Place of publication, distribution, etc. Canada : Human Kinetics , 1999
300 ## - PHYSICAL DESCRIPTION
Extent x,253 p.
500 ## - GENERAL NOTE
General note Includes index
500 ## - GENERAL NOTE
General note Includes index
650 ## - SUBJECT ADDED ENTRY--TOPICAL TERM
Topical term or geographic name as entry element _Sports Psychological Aspects
980 ## - EQUIVALENCE OR CROSS-REFERENCE-SERIES STATEMENT--PERSONAL NAME/TITLE [LOCAL, CANADA]
Personal name ^d20130521 02:52:40^oanne

No items available.

© 2016 Maasai Mara University.